000 00474nam a2200205Ia 4500
008 210210b1951 xxu||||| |||| 00| 0 eng d
041 _aeng
082 _a311/38
100 _aMODE (Elmer B)
245 _aElements of statistics Ed.2
250 _a
260 _aNew York
_bPrentice -Hall Inc
_c1951
300 _axvi,377
650 _astatistics
650 _aof
650 _aElements
650 _aEd.2
690 _aMathematical Statistics
906 _a001744
999 _c116663
_d116663